书目信息 |
| 题名: |
实用社会科学文献信息检索
|
|
| 作者: | 毛一国 , 卓勇 编著 | |
| 分册: | ||
| 出版信息: | 杭州 浙江大学出版社 2006.01 |
|
| 页数: | 230页 | |
| 开本: | 26cm | |
| 丛书名: | ||
| 单 册: | ||
| 中图分类: | G252.7 | |
| 科图分类: | ||
| 主题词: | 社会科学--she hui ke xue--文献检索与利用 | |
| 电子资源: | ||
| ISBN: | 7-308-04591-9 | |
| 000 | 00933nam0 2200253 450 | |
| 001 | 012008933889 | |
| 005 | 20080510105724.37 | |
| 010 | @a7-308-04591-9@dCNY25.00 | |
| 100 | @a20080508d2006 em y0chiy0120 ea | |
| 101 | 0 | @achi |
| 102 | @aCN@b330000 | |
| 105 | @aa a 000yy | |
| 106 | @ar | |
| 200 | 1 | @a实用社会科学文献信息检索@Ashi yong she hui ke xue wen xian xin xi jian suo@f毛一国, 卓勇编著@Fmao yi guo,zhuo yong bian zhu |
| 210 | @a杭州@c浙江大学出版社@d2006.01 | |
| 215 | @a230页@c图@d26cm | |
| 320 | @a有书目 (第228-230页) | |
| 330 | @a本书系统地介绍了社会科学文献检索和使用的原理、方法。按社会科学检索工具书的类型,下设书目、索引、词典、百科全书、年鉴、机构名录等共13章分别予以详细论述。 | |
| 606 | 0 | @a社会科学@Ashe hui ke xue@x文献检索与利用 |
| 690 | @aG252.7@v4 | |
| 701 | 0 | @a毛一国@Amao yi guo@4编著 |
| 701 | 0 | @a卓勇@Azhuo yong@4编著 |
| 801 | 0 | @aCN@bQSSK@c20080510 |
| 905 | @b708514-15@dG252.7@eM369@f2 | |
| 实用社会科学文献信息检索/毛一国, 卓勇编著.-杭州:浙江大学出版社,2006.01 |
| 230页:图;26cm |
| ISBN 7-308-04591-9:CNY25.00 |
| 本书系统地介绍了社会科学文献检索和使用的原理、方法。按社会科学检索工具书的类型,下设书目、索引、词典、百科全书、年鉴、机构名录等共13章分别予以详细论述。 |
| ● |
| 相关链接 |
|
|
|
正题名:实用社会科学文献信息检索
索取号:G252.7/M369
 
预约/预借
| 序号 | 登录号 | 条形码 | 馆藏地/架位号 | 状态 | 备注 |
| 1 | 708514 | 207085143 | 社科库409/409社科库 59排3列5层/ [索取号:G252.7/M369] | 在馆 | |
| 2 | 708515 | 207085152 | 社科库409/409社科库 59排3列5层/ [索取号:G252.7/M369] | 在馆 |